Southville International School and Colleges
Your cart is empty.
  • Cart
  • Lists
    Public lists Eva Luna New books Lux_list list_1
    Your lists Log in to create your own lists
  • Log in to your account
  • Your cookies
  • Search history
Southville International School and Colleges
  • Advanced search
  • Recent comments
  • Most popular
  • Libraries

Log in to your account

Log in with GOOGLE


If you do not have an external account, but do have a local account, you can still log in:

  1. Home
  2. MARC view: Modern financial management /
Normal view MARC view ISBD view

Modern financial management / (Record no. 39692)

[ view plain ]
MARC details
000 -LEADER
fixed length control field 00639nam a2200229 a 4500
005 - DATE AND TIME OF LATEST TRANSACTION
control field 20140311163037.0
008 - FIXED-LENGTH DATA ELEMENTS--GENERAL INFORMATION
fixed length control field 111003s19uu xx 00 eng d
020 ## - INTERNATIONAL STANDARD BOOK NUMBER
International Standard Book Number 9780071267755
050 ## - LIBRARY OF CONGRESS CALL NUMBER
Classification number HD 74
Item number .R823 2009
100 ## - MAIN ENTRY--PERSONAL NAME
Personal name Ross, Stephen
245 ## - TITLE STATEMENT
Title Modern financial management /
Statement of responsibility, etc Stephen A. Ross, et al.
250 ## - EDITION STATEMENT
Edition statement 8th ed.
260 ## - PUBLICATION, DISTRIBUTION, ETC. (IMPRINT)
Place of publication, distribution, etc Boston :
Name of publisher, distributor, etc McGraw Hill,
Date of publication, distribution, etc 2009.
300 ## - PHYSICAL DESCRIPTION
Extent 926 p. :
Other physical details col. ill. ;
Dimensions 26 cm.
521 ## - TARGET AUDIENCE NOTE
Target audience note
650 ## - SUBJECT ADDED ENTRY--TOPICAL TERM
Topical term or geographic name as entry element Business enterprises
General subdivision Finance
700 ## - ADDED ENTRY--PERSONAL NAME
Personal name Westerfield, Randolph
700 ## - ADDED ENTRY--PERSONAL NAME
Personal name Jaffe, Jeffrey
700 ## - ADDED ENTRY--PERSONAL NAME
Personal name Jordan, Bradford
942 ## - ADDED ENTRY ELEMENTS (KOHA)
Koha item type Books
Source of classification or shelving scheme Library of Congress Classification
Call number prefix Foreign
Holdings
Withdrawn status Lost status Source of classification or shelving scheme Damaged status Home library Current library Shelving location Date acquired Source of acquisition Cost, normal purchase price Total Checkouts Full call number Barcode Date last seen Copy number Price effective from Koha item type
    Library of Congress Classification   College Library College Library Graduate Section 10/03/2011 Donation 3998.00   HD 74 .R823 2009 C12529 03/14/2017 1 10/18/2013 Books

Modern financial management /

APA

Ross S., Westerfield R., Jaffe J. & Jordan B. (2009). Modern financial management. Boston: McGraw Hill.

Chicago

Ross Stephen, Westerfield Randolph, Jaffe Jeffrey and Jordan Bradford. 2009. Modern financial management. Boston: McGraw Hill.

Harvard

Ross S., Westerfield R., Jaffe J. and Jordan B. (2009). Modern financial management. Boston: McGraw Hill.

MLA

Ross Stephen, Westerfield Randolph, Jaffe Jeffrey and Jordan Bradford. Modern financial management. Boston: McGraw Hill. 2009.

  • Place hold
  • Print
  • Cite
  • Add to your cart (remove)
  • Save record
    BIBTEX Dublin Core MARCXML MARC (non-Unicode/MARC-8) MARC (Unicode/UTF-8) MARC (Unicode/UTF-8, Standard) MODS (XML) RIS
  • More searches
    Search for this title in:
    Other Libraries (WorldCat) Other Databases (Google Scholar) Online Stores (Bookfinder.com) Open Library (openlibrary.org)

Exporting to Dublin Core...

SOUTHVILLE LIBRARY

Southville International School and Colleges Library

1281 Tropical Ave. Cor. Luxembourg St., BF Homes International, Las Pinas City

Tel. No. 8256374 / 252358 Loc. 117/146

Powered by Koha